[Event "Poti op 12th"]
[Site "Poti"]
[Date "2017.07.14"]
[Round "1"]
[White "Savchenko, Boris"]
[Black "Galoyan, Levon"]
[Result "1-0"]
[WhiteElo "2606"]
[BlackElo "2257"]
[PlyCount "83"]
[EventDate "2017.07.14"]
[EventType "swiss"]
[EventRounds "9"]
[EventCountry "GEO"]
[SourceTitle "CBM 179 Extra"]
[Source "ChessBase"]
[SourceDate "2017.08.23"]
[SourceVersion "1"]
[SourceVersionDate "2017.08.23"]
[SourceQuality "1"]

1. e4 c5 2. Nf3 Nc6 3. d4 cxd4 4. Nxd4 Nf6 5. Nc3 e5 6. Ndb5 d6 7. Bg5 a6 8. Na3 b5 9. Nd5 Be7 10. Bxf6 Bxf6 11. c3 0-0 12. Nc2 Rb8 13. Be2 Bg5 14. Bg4 Be6 15. 0-0 Qd7 16. Bxe6 fxe6 17. Qg4 Bd8 18. Rad1 Rb7 19. Ndb4 Nb8 20. Ne3 a5 21. Nbc2 Rf4 22. Qe2 Be7 23. f3 Qc6 24. Nf5 exf5 25. g3 Rxe4 26. fxe4 fxe4 27. Ne3 Nd7 28. Qg4 Nf6 29. Qe6+ Kf8 30. g4 h6 31. h4 Qb6 32. Rde1 d5 33. Qxb6 Rxb6 34. g5 hxg5 35. hxg5 Bc5 36. Kg2 Bxe3 37. Rxe3 Ke7 38. gxf6+ gxf6 39. Rh3 b4 40. Rh7+ Ke8 41. Rfh1 Kf8 42. Ra7 1-0

[Event "Batumi Municipality Cup"]
[Site "Batumi"]
[Date "2015.07.09"]
[Round "8"]
[White "Torosyan, Norayr"]
[Black "Galoyan, Levon"]
[Result "1-0"]
[WhiteElo "2354"]
[BlackElo "2270"]
[PlyCount "115"]
[EventDate "2015.07.03"]
[EventType "swiss"]
[EventRounds "9"]
[EventCountry "GEO"]
[SourceTitle "EXT 2016"]
[Source "ChessBase"]
[SourceDate "2015.10.08"]
[SourceVersion "1"]
[SourceVersionDate "2015.10.08"]
[SourceQuality "1"]

1. e4 c5 2. Nf3 d6 3. d4 cxd4 4. Nxd4 Nf6 5. Nc3 a6 6. h3 e5 7. Nb3 h6 8. Be3 Be7 9. Qf3 Be6 10. 0-0-0 Nbd7 11. Kb1 Qc7 12. Nd5 Bxd5 13. exd5 Rc8 14. c4 b6 15. g4 Nc5 16. Nxc5 bxc5 17. Bd2 Rb8 18. Bc3 Nd7 19. h4 Qd8 20. Qg3 Bf6 21. Bd3 g5 22. hxg5 Bxg5 23. Bc2 Qf6 24. Bf5 Qe7 25. Rde1 Rg8 26. Bh7 Rf8 27. Bc2 Rg8 28. Bh7 Rh8 29. Bc2 Rg8 30. Re4 Kf8 31. Qh3 Nf6 32. Re2 Nd7 33. Qd3 Qf6 34. Ka1 Rb7 35. f3 Bf4 36. Re4 Ke7 37. Ba4 Qg6 38. Qe2 Kf8 39. Bc2 Qf6 40. Qd3 Rg5 41. Re2 Ke7 42. Re4 Rg8 43. Qd1 Kf8 44. Ba4 Ke7 45. Bc6 Ra7 46. Qa4 Bg5 47. Rf1 Qg6 48. Bxd7 Rxd7 49. Rfe1 Bh4 50. R1e2 Ra7 51. a3 f6 52. f4 Qe8 53. Qa5 Qc8 54. fxe5 fxe5 55. Bxe5 dxe5 56. Qb6 Qc7 57. d6+ Qxd6 58. Rxe5+ 1-0

[Event "Moscow op-A"]
[Site "Moscow"]
[Date "2015.02.04"]
[Round "5"]
[White "Galoyan, Levon"]
[Black "Savenkov, Konstantin"]
[Result "1-0"]
[WhiteElo "2256"]
[BlackElo "2363"]
[PlyCount "113"]
[EventDate "2015.01.31"]
[EventType "swiss"]
[EventRounds "9"]
[EventCountry "RUS"]
[SourceTitle "CBM 164 Extra"]
[Source "ChessBase"]
[SourceDate "2015.03.02"]
[SourceVersion "1"]
[SourceVersionDate "2015.03.02"]
[SourceQuality "1"]

1. d4 e6 2. c4 f5 3. Nc3 Nf6 4. Nf3 Bb4 5. Bd2 b6 6. g3 Bb7 7. Bg2 0-0 8. 0-0 Bxc3 9. Bxc3 d6 10. b3 Nbd7 11. Qc2 Be4 12. Qb2 Qe7 13. Rfd1 Rac8 14. e3 Ba8 15. Qe2 Ne4 16. Bb2 c5 17. Ne1 Rfd8 18. f3 Nef6 19. Nd3 cxd4 20. exd4 d5 21. Nf4 Re8 22. Rac1 Kf7 23. Re1 g5 24. Nxe6 h6 25. Bh3 Nf8 26. Bxf5 Nxe6 27. Qd3 Qd6 28. Bg6+ Kg7 29. Bxe8 Rxe8 30. c5 Qd7 31. cxb6 axb6 32. Re5 g4 33. Rf1 Ng5 34. fxg4 Nxg4 35. Rxe8 Qxe8 36. Bc1 Qe4 37. Qxe4 dxe4 38. Bxg5 hxg5 39. Rf5 Kg6 40. Rf8 Bc6 41. Rb8 Kf5 42. Rxb6 Ba8 43. Rb5+ Kf6 44. h3 Ne3 45. g4 Nc2 46. Rf5+ Ke6 47. Rxg5 Nxd4 48. Kf2 Nc2 49. Rc5 Nb4 50. Rc4 Nd3+ 51. Ke3 Ke5 52. Rc8 Bb7 53. Re8+ Kd6 54. g5 Bc6 55. Rf8 Ke7 56. Rf1 Nb4 57. g6 1-0

[Event "Moscow op-A"]
[Site "Moscow"]
[Date "2015.02.03"]
[Round "4"]
[White "Nikologorskiy, Konstantin"]
[Black "Galoyan, Levon"]
[Result "1/2-1/2"]
[WhiteElo "2414"]
[BlackElo "2256"]
[PlyCount "83"]
[EventDate "2015.01.31"]
[EventType "swiss"]
[EventRounds "9"]
[EventCountry "RUS"]
[SourceTitle "CBM 164 Extra"]
[Source "ChessBase"]
[SourceDate "2015.03.02"]
[SourceVersion "1"]
[SourceVersionDate "2015.03.02"]
[SourceQuality "1"]

1. c4 c5 2. Nc3 Nf6 3. g3 d5 4. cxd5 Nxd5 5. Bg2 Nc7 6. Nf3 Nc6 7. a3 e5 8. b4 f6 9. bxc5 Bxc5 10. Ne4 Be7 11. d3 0-0 12. 0-0 Kh8 13. Bb2 Ne6 14. e3 f5 15. Nc3 Bf6 16. Qe2 Rb8 17. Rfd1 b5 18. Nd5 Qxd5 19. Nxe5 Qxg2+ 20. Kxg2 Nxe5 21. Bxe5 Bb7+ 22. f3 Bxe5 23. d4 Bd6 24. h4 Bd5 25. Kh2 Bc4 26. Qg2 Rbe8 27. e4 fxe4 28. fxe4 Bb8 29. Kh1 Rd8 30. Rd2 Rxd4 31. Rad1 Be5 32. Rxd4 Nxd4 33. Qb2 Nc6 34. Qd2 Bxg3 35. Qg5 Be5 36. Rd7 a5 37. Qe3 a4 38. Qc5 Rf1+ 39. Kg2 Rf6 40. Rd5 Bb2 41. Rd6 Rxd6 42. Qxd6 1/2-1/2

[Event "EU-ch 15th"]
[Site "Yerevan"]
[Date "2014.03.04"]
[Round "2"]
[White "Svetushkin, Dmitry"]
[Black "Galoyan, Levon"]
[Result "1-0"]
[WhiteElo "2582"]
[BlackElo "2251"]
[PlyCount "62"]
[EventDate "2014.03.03"]
[EventType "swiss"]
[EventRounds "11"]
[EventCountry "ARM"]
[SourceTitle "CBM 160"]
[Source "ChessBase"]
[SourceDate "2014.05.15"]
[SourceVersion "1"]
[SourceVersionDate "2014.05.15"]
[SourceQuality "1"]

1. e4 c5 2. Nf3 d6 3. Bb5+ Bd7 4. Bxd7+ Qxd7 5. c4 Qg4 6. 0-0 Qxe4 7. d4 Nd7 8. Nc3 Qc6 9. Re1 a6 10. Bf4 Ngf6 11. dxc5 Nxc5 12. Nd4 Qd7 13. Bg5 0-0-0 14. b4 Ne6 15. Nxe6 fxe6 16. b5 a5 17. Na4 Qc7 18. Rxe6 Kd7 19. Qe2 Ke8 20. Re1 Kf7 21. Nc3 Rc8 22. Bxf6 exf6 23. Nd5 Qxc4 24. Rxf6+ gxf6 25. Qe6+ Kg7 26. Qxf6+ Kg8 27. Qe6+ Kg7 28. Qd7+ Kg6 29. Re6+ Kg5 30. f4+ Kh4 31. Rh6+ Bxh6 1-0

[Event "Groningen op-A 48th"]
[Site "Groningen"]
[Date "2011.12.29"]
[Round "8"]
[White "Thakur, Akash"]
[Black "Galoyan, Levon"]
[Result "1-0"]
[WhiteElo "2324"]
[BlackElo "2231"]
[PlyCount "65"]
[EventDate "2011.12.21"]
[EventType "swiss"]
[EventRounds "9"]
[EventCountry "NED"]
[SourceTitle "CBM 146 Extra"]
[Source "ChessBase"]
[SourceDate "2012.02.29"]
[SourceVersion "1"]
[SourceVersionDate "2012.02.29"]
[SourceQuality "1"]

1. e4 c5 2. Nf3 Nc6 3. Bb5 Na5 4. d4 a6 5. Be2 cxd4 6. Nxd4 d6 7. c4 Nf6 8. Nc3 e6 9. 0-0 Be7 10. b4 Nc6 11. a3 0-0 12. Be3 Qc7 13. Rc1 Nxd4 14. Bxd4 b6 15. Qd3 Rb8 16. Qg3 Bb7 17. e5 Ne8 18. Rfd1 f6 19. f4 dxe5 20. fxe5 f5 21. Qf2 Ba8 22. Na4 Bd8 23. Bxb6 Rxb6 24. Rxd8 Rxb4 25. axb4 Qxd8 26. Ra1 Qg5 27. h4 Qe7 28. Nc5 Qc7 29. Nxe6 Qxe5 30. Nxf8 Kxf8 31. Qc5+ Qxc5+ 32. bxc5 Ke7 33. Bf3 1-0

[Event "Groningen op-A 48th"]
[Site "Groningen"]
[Date "2011.12.27"]
[Round "6"]
[White "Naroditsky, Daniel"]
[Black "Galoyan, Levon"]
[Result "1-0"]
[WhiteElo "2472"]
[BlackElo "2231"]
[PlyCount "53"]
[EventDate "2011.12.21"]
[EventType "swiss"]
[EventRounds "9"]
[EventCountry "NED"]
[SourceTitle "CBM 146 Extra"]
[Source "ChessBase"]
[SourceDate "2012.02.29"]
[SourceVersion "1"]
[SourceVersionDate "2012.02.29"]
[SourceQuality "1"]

1. g3 d5 2. Bg2 Nf6 3. d3 Nbd7 4. Nf3 e5 5. 0-0 Bd6 6. Nbd2 0-0 7. e4 c6 8. b3 Re8 9. Bb2 Nf8 10. Nh4 Bg4 11. f3 Bd7 12. Kh1 Bc5 13. Qe2 a5 14. a3 b5 15. f4 exf4 16. Rxf4 d4 17. Raf1 Ng6 18. Nxg6 hxg6 19. e5 g5 20. Rxd4 Bxd4 21. Bxd4 Ng4 22. Qf3 Be6 23. Bb2 Qd5 24. Ne4 Rf8 25. h3 Nxe5 26. Nf6+ gxf6 27. Qxf6 1-0

[Event "Groningen op-A 48th"]
[Site "Groningen"]
[Date "2011.12.23"]
[Round "3"]
[White "Galoyan, Levon"]
[Black "Van Assendelft, Floris"]
[Result "0-1"]
[WhiteElo "2231"]
[BlackElo "2357"]
[PlyCount "82"]
[EventDate "2011.12.21"]
[EventType "swiss"]
[EventRounds "9"]
[EventCountry "NED"]
[SourceTitle "CBM 146 Extra"]
[Source "ChessBase"]
[SourceDate "2012.02.29"]
[SourceVersion "1"]
[SourceVersionDate "2012.02.29"]
[SourceQuality "1"]

1. d4 Nf6 2. c4 e6 3. Nc3 Bb4 4. e3 0-0 5. Nge2 Re8 6. a3 Bf8 7. Ng3 d5 8. Be2 c6 9. 0-0 Nbd7 10. e4 dxe4 11. Ngxe4 Nxe4 12. Nxe4 e5 13. dxe5 Nxe5 14. Bg5 f6 15. Be3 Bf5 16. Nc5 b6 17. Na6 Qc8 18. Qb3 c5 19. f4 Ng4 20. Bf3 Rxe3 21. Qd1 Rd3 22. Qe2 Rxf3 23. Qxf3 Bd7 24. Nc7 Rb8 25. Rfd1 Ne3 26. Na6 Bg4 27. Qxe3 Qxa6 28. Rdc1 Rd8 29. b3 Qc8 30. h3 Bf5 31. Rd1 Rd4 32. Kh1 Qd7 33. Qf3 Be4 34. Rxd4 Qxd4 35. Qd1 Qe3 36. Qd7 f5 37. Ra2 Qxh3+ 38. Kg1 Qe3+ 39. Rf2 h6 40. Qxa7 Bd6 41. Qxb6 Bxf4 0-1

[Event "Yerevan Petrosian Memorial op"]
[Site "Yerevan"]
[Date "2004.11.27"]
[Round "9"]
[White "Andriasian, Zaven"]
[Black "Galoyan, Levon"]
[Result "1-0"]
[WhiteElo "2366"]
[BlackElo "2258"]
[PlyCount "107"]
[EventDate "2004.11.18"]
[EventType "swiss"]
[EventRounds "9"]
[EventCountry "ARM"]
[SourceTitle "CBM 103 Extra"]
[Source "ChessBase"]
[SourceDate "2005.01.01"]
[SourceVersion "1"]
[SourceVersionDate "2005.01.01"]
[SourceQuality "1"]

1. e4 c5 2. Nf3 e6 3. d4 cxd4 4. Nxd4 Nc6 5. Nxc6 bxc6 6. Bd3 d5 7. 0-0 Nf6 8. Nd2 Be7 9. b3 0-0 10. Bb2 a5 11. c4 Ba6 12. Qc2 h6 13. Rad1 Rc8 14. Qb1 Qb6 15. Bxf6 Bxf6 16. exd5 cxd5 17. cxd5 exd5 18. Bxa6 Qxa6 19. Nf3 Rfd8 20. Rd3 Rc3 21. Rfd1 Rxd3 22. Rxd3 a4 23. bxa4 Qxa4 24. g3 Ra8 25. Rb3 Qe4 26. Rb8+ Rxb8 27. Qxb8+ Kh7 28. Qb3 d4 29. Qd1 g6 30. Ne1 Bd8 31. Nd3 Ba5 32. Qb3 Kg7 33. Qb5 Bc3 34. Qe5+ Qxe5 35. Nxe5 Kf6 36. Nd3 Ke6 37. Kf1 Kd5 38. Ke2 Ba5 39. Nb2 h5 40. Kd3 Be1 41. f3 f5 42. Nc4 h4 43. gxh4 Bxh4 44. a4 Bf6 45. a5 Bg7 46. h3 Bf6 47. a6 Kc6 48. f4 g5 49. Ne5+ Kc7 50. Nd7 Be7 51. a7 Kb7 52. Nb6 Kxa7 53. Nc8+ Kb7 54. Nxe7 1-0

[Event "Yerevan Petrosian Memorial op"]
[Site "Yerevan"]
[Date "2004.11.24"]
[Round "6"]
[White "Galoyan, Levon"]
[Black "Lomineishvili, Maia"]
[Result "1-0"]
[WhiteElo "2258"]
[BlackElo "2429"]
[PlyCount "139"]
[EventDate "2004.11.18"]
[EventType "swiss"]
[EventRounds "9"]
[EventCountry "ARM"]
[SourceTitle "CBM 103 Extra"]
[Source "ChessBase"]
[SourceDate "2005.01.01"]
[SourceVersion "1"]
[SourceVersionDate "2005.01.01"]
[SourceQuality "1"]

1. d4 Nf6 2. c4 e6 3. Nc3 Bb4 4. e3 0-0 5. Nge2 d5 6. a3 Be7 7. cxd5 exd5 8. Nf4 c6 9. Bd3 Nbd7 10. 0-0 Bd6 11. b4 Re8 12. g3 Nf8 13. Ng2 Bh3 14. f3 a5 15. Rb1 Qe7 16. Qb3 axb4 17. axb4 Ne6 18. Bd2 h5 19. Rf2 Qc7 20. Nf4 Nxf4 21. gxf4 Re7 22. Qc2 Qd7 23. Re2 Rae8 24. Kh1 b5 25. f5 Bc7 26. Rg1 Qd6 27. Qc1 h4 28. Rf2 Nh5 29. f4 Nf6 30. Qd1 Ne4 31. Bxe4 dxe4 32. Qh5 Qf6 33. Rg5 Ra8 34. Re2 Bxf4 35. exf4 Qxd4 36. f6 Qxf6 37. Qxh4 e3 38. Be1 Bf1 39. Rc2 e2 40. Qg3 Rd8 41. Rc1 Red7 42. Ne4 Qd4 43. Nf2 f6 44. Rg6 Re7 45. Kg1 Qe3 46. Qxe3 Rxe3 47. Rg3 Re6 48. Rd3 Ra8 49. Rdc3 Ra6 50. h3 Kf7 51. Kh2 Ke7 52. Kg3 Kd6 53. Kf3 Kc7 54. Rd3 Ra8 55. Rdc3 Rae8 56. Rd3 Ra8 57. Kg3 g6 58. Kh2 Rh8 59. Rg3 f5 60. Nd3 Rh7 61. Ne5 g5 62. Rxg5 Rxh3+ 63. Kg1 Reh6 64. Rg7+ Kc8 65. Nxc6 Rh1+ 66. Kf2 R1h2+ 67. Ke3 R2h3+ 68. Kd4 Rd6+ 69. Kc5 Rd1 70. Kb6 1-0

[Event "Yerevan Petrosian Memorial op"]
[Site "Yerevan"]
[Date "2004.11.22"]
[Round "4"]
[White "Galoyan, Levon"]
[Black "Nadanian, Ashot S"]
[Result "1/2-1/2"]
[WhiteElo "2258"]
[BlackElo "2392"]
[PlyCount "95"]
[EventDate "2004.11.18"]
[EventType "swiss"]
[EventRounds "9"]
[EventCountry "ARM"]
[SourceTitle "CBM 103 Extra"]
[Source "ChessBase"]
[SourceDate "2005.01.01"]
[SourceVersion "1"]
[SourceVersionDate "2005.01.01"]
[SourceQuality "1"]

1. d4 Nf6 2. c4 e5 3. dxe5 Ng4 4. Bf4 Nc6 5. Nf3 Bb4+ 6. Nbd2 Qe7 7. a3 Ngxe5 8. Nxe5 Nxe5 9. e3 Bxd2+ 10. Qxd2 d6 11. Be2 0-0 12. 0-0 b6 13. b4 Bb7 14. Rac1 Nd7 15. Qd4 f5 16. Rfe1 a5 17. Bg3 Qg5 18. c5 bxc5 19. Qc4+ Rf7 20. Qb5 Bd5 21. bxa5 Qd8 22. a6 c6 23. Qa4 Nf6 24. f3 Rc8 25. Red1 Qe7 26. Bf2 Qe6 27. Rb1 Ra8 28. Rdc1 Rfa7 29. Qf4 h6 30. Bd3 g5 31. Qxf5 Qxf5 32. Bxf5 Rxa6 33. Bg3 Rxa3 34. e4 Ba2 35. Ra1 Ne8 36. Bd7 R3a6 37. e5 dxe5 38. Rxc5 Bf7 39. Rxa6 Rxa6 40. Bxe5 Ng7 41. Bxc6 Ne6 42. Rc1 Ra5 43. Bf6 Nf4 44. Rb1 Bc4 45. Ra1 Rf5 46. Bb2 Rc5 47. Ra8+ Kf7 48. Be4 1/2-1/2